Recent advances in special education and rehabilitation

Αποθηκεύτηκε σε:
Λεπτομέρειες βιβλιογραφικής εγγραφής
Κύριος συγγραφέας: Eaves, Ronald C. 1944-
Άλλοι συγγραφείς: McLaughlin, Phillip J.
Μορφή: Βιβλίο
Γλώσσα:English
Δημοσίευση: Boston : Andover Medical Publishers, 1993
Θέματα:
Ετικέτες: Προσθήκη ετικέτας
Δεν υπάρχουν, Καταχωρήστε ετικέτα πρώτοι!

MARC

LEADER 00000nam a2200000 i 4500
001 1/85088
008 990629s1993 eng d
020 |a 1-56372--064-7 
035 |l 10051761 
040 |a GR-MY-UA  |b gre  |e aacr 
041 0 |a eng 
082 0 |a 371.9 
100 1 |a Eaves, Ronald C.  |d 1944- 
245 1 0 |a Recent advances in special education and rehabilitation /  |c Ronald C.Eaves, Phillip J.McLaughlin 
260 |a Boston :   |b Andover Medical Publishers,   |c 1993 
300 |a 233 p. 
650 0 0 |a Children with disabilities  |x Education  |z United States. 
650 0 0 |a Children with disabilities  |x Rehabilitation  |z United States. 
650 0 0 |a Special education  |z United States. 
700 1 |a McLaughlin, Phillip J. 
852 |a INST  |b RHODES  |e 19990629  |h 371.9 EAV  |p 005400014687  |q 005400014687  |t BK  |y 0 
901 |a BIBL4-1999-2 
909 |a Ρ  |b 066190 
922 |a 4ΕΛΗ  |b 199906  |c ΚΠΣ/154  |d LEADER 
970 |a ΤΕΡΝΕΖΗΣ  |b ΧΡΗΣΤΟΣ  |z 19990629